ბათუმის შოთა რუსთაველის სახელმწიფო უნივერსიტეტის ბიბლიოთეკა

A Field Guide to American Houses : The Definitive Guide to Identifying and Understanding Americas Domestic Architecture / (ბიბ.ჩანაწერი № 56479)

000 -LEADER
fixed length control field 00658nam a2200205Ia 4500
001 - CONTROL NUMBER
control field 23592
003 - CONTROL NUMBER IDENTIFIER
control field GE_BSU
005 - DATE AND TIME OF LATEST TRANSACTION
control field 20221122152240.0
008 - FIXED-LENGTH DATA ELEMENTS--GENERAL INFORMATION
fixed length control field 181216s2018||||en |||||||||||||| ||eng||
020 ## - INTERNATIONAL STANDARD BOOK NUMBER
International Standard Book Number 9780375710827x
040 ## - CATALOGING SOURCE
Transcribing agency GE_BSU
041 ## - LANGUAGE CODE
Language code of text/sound track or separate title eng
080 ## - UNIVERSAL DECIMAL CLASSIFICATION NUMBER
Universal Decimal Classification number 72 M-10
100 ## - MAIN ENTRY--PERSONAL NAME
Personal name Mcalester, Virginia Savage
9 (RLIN) 4557
245 #2 - TITLE STATEMENT
Title A Field Guide to American Houses : The Definitive Guide to Identifying and Understanding Americas Domestic Architecture /
Statement of responsibility, etc. Virginia Savage , Mcalester.
264 ## - PRODUCTION, PUBLICATION, DISTRIBUTION, MANUFACTURE, AND COPYRIGHT NOTICE
Place of production, publication, distribution, manufacture New York :
Name of producer, publisher, distributor, manufacturer Alfred A. Knopf,
Date of production, publication, distribution, manufacture, or copyright notice 2018.
300 ## - PHYSICAL DESCRIPTION
Extent 848 p.:
Other physical details ill :
Dimensions 23 cm.
653 ## - INDEX TERM--UNCONTROLLED
keyword არქიტექტურა
942 ## - ADDED ENTRY ELEMENTS (KOHA)
Koha item type წიგნი
Source of classification or shelving scheme
ეგზემპლარები
Withdrawn status Lost status Source of classification or shelving scheme Damaged status Not for loan Permanent Location Current Location Shelving location Date acquired Cost, normal purchase price Full call number Barcode Date last seen Copy number Price effective from Koha item type Public note
          ბათუმის შოთა რუსთაველის სახელმწიფო უნივერსიტეტის მთავარი ბიბლიოთეკა ტექნოლოგიური ფაკულტეტის ბიბლიოთეკა წიგნსაცავი 2018-12-17 70.00 72 M-10 58764 2018-12-17 58764 2018-12-17 წიგნი 7.00